Statistics for Famous Eunuchs

Click here to take the quiz!

General Stats

  • This quiz has been taken 3 times
    (2 since last reset)
  • The average score is 3 of 17

Answer Stats

HintAnswer% Correct
French scholar best known for his love affair with the nun HéloïsePeter Abelard
100%
Ming dynasty eunuch who was an explorer, diplomat, and became commander of Nanjing, and admiral of a fleet of over 300 ships, some of them possibly being the largest wooden ships ever madeAdmiral Zheng He
50%
Eunuchs who were close allies of the Dowager Empress CixiAn Dehai
50%
Li Lianying
50%
Very powerful eunuch who effectively ruled the Byzantine Empire alongside Empress Irene, may have ambitions to become emperor himselfStaurakios
50%
Castrato singer, the only one ever to making solo recordingsAlessandro Moreschi
0%
Han dynasty eunuch who is considered by some to have invented paper, or at least popularised the process of making paperCai Lun
0%
Influential Tang dynasty eunuch during the reign of Wu Zetian and Emperor XuanzongGao Lishi
0%
Spanish eunuch who was a slave to the Moroccan sultan, became a military commander, and helped conquer the Songhai EmpireJudar Pasha
0%
One of the wealthiest people in history, very corrupt Ming dynasty eunuch who owned 10,000 tonnes of silver, and was butchered with 'death by a thousand cuts'Liu Jin
0%
Eunuch who became a powerful Byzantine general in the service of Emperor JustinianNarses
0%
Eunuch seen as a 'church father' and one of the most influential theologians in historyOrigen
0%
Eunuch who was effective ruler of the kingdom of Egypt near its end, ordered the execution of Pompey, and turned pharaoh Ptolemy against CleopatraPothinus
0%
A Viking warrior whose remains were found in an English churchyard, with signs he was a eunuch, and replaced what he'd lost with a boar's tuskRepton Warrior
0%
Eunuch who Emperor Nero made into his official wife and empress, since he is meant to have strongly resembled his wife Poppaea, whom Nero missed dearly after she died from Nero kicking her to death while she was pregnantSporus
0%
The last surviving imperial eunuch in Chinese historySun Yaoting
0%
Ming dynasty eunuch considered to be the most powerful and notorious eunuch in Chinese historyWei Zhongxian
0%

Score Distribution

Percentile by Number Answered

Percent of People with Each Score

Your Score History

You have not taken this quiz since the last reset